| 000 | 01479nam a22003857a 4500 | ||
|---|---|---|---|
| 001 | 00285 | ||
| 003 | DO-SdBNP | ||
| 005 | 20180312134945.0 | ||
| 007 | 00285 | ||
| 008 | 160427b dr 2004||||| |||| 00| 0 spa d | ||
| 020 | _a9789993498674 (v. 2) | ||
| 020 | _a9788482615318 (v. 2) Guía | ||
| 020 | _a9788480616650 (v. 2) Álbum | ||
| 020 | _a9788482616551 (v. 2) Cuaderno | ||
| 040 |
_aBPMSU _bspa _cBPMSU |
||
| 092 |
_a372.257 _bG934n 2do. 2004 |
||
| 100 | 1 | _aGuerrero, Ángela | |
| 245 | 1 |
_aNaturaleza 2: _beducación básica / _cÁngela Guerrero ; dirección editorial Obdulia García de Escobar ; editora Claudia Llibre |
|
| 260 |
_aSanto Domingo : _bSantillana, _c2004. |
||
| 300 |
_a4 v. : _bil. retrs. _c28 cm. |
||
| 490 | _aÁmbar | ||
| 505 | 0 |
_tEl sol : fuente de vida -- _tAlimentos para crecer -- _tLa materia -- _tLos recursos naturales -- _tLa energía del movimiento -- _tEl trabajo y las máquinas. |
|
| 650 | 4 |
_aCIENCIAS NATURALES _xENSEÑANZA BÁSICA |
|
| 650 | 4 |
_aCIENCIAS NATURALES _xESTUDIOS Y EJERCICIOS |
|
| 650 | 4 |
_aCIENCIAS NATURALES _xEDUCACIÓN PRIMARIA |
|
| 650 | 4 |
_aEDUCACIÓN PRIMARIA _zREPÚBLICA DOMINICANA |
|
| 650 | 4 |
_aCIENCIAS NATURALES _xLIBROS DE TEXTOS |
|
| 700 | 1 | 2 |
_aGarcía de Escobar, Obdulia, _eed. |
| 700 | 1 |
_aLlibre, Claudia, _eed. |
|
| 830 | 0 | _aÁmbar | |
| 910 | _aValidado. Control de calidad MFF | ||
| 942 |
_2ddc _cBK |
||
| 945 | _aRemanejado para la BNPHU / 2018 VM | ||
| 956 |
_aBTAVÁREZ _b10 _c20160429 _d00285 |
||
| 999 |
_c9941 _d9941 |
||